Normal view MARC view

Entry Nombre personal

Number of records used in: 4

001 - NÚMERO DE CONTROL

  • campo de control: 242375

003 - IDENTIFICADOR DE NÚMERO DE CONTROL

  • campo de control: SpMaBN

005 - FECHA Y HORA DE LA ÚLTIMA TRANSACCIÓN

  • campo de control: 20251017120202.0

008 - ELEMENTOS DE DATO DE LONGITUD-FIJA

  • campo de control de longitud fija: 901120n| aijnnaabn a aaa

016 ## - NÚMERO DE CONTROL DE UNA AGENCIA BIBLIOGRÁFICA NACIONAL

  • Número de control del registro: BNE19900257813

024 7# - IDENTIFICADOR DE OTROS ESTÁNDARES

  • Número estándar o código: http://viaf.org/viaf/22161043/
  • Fuente: viaf

024 8# - IDENTIFICADOR DE OTROS ESTÁNDARES

  • Número estándar o código: https://data.cervantesvirtual.com/person/3200

024 7# - IDENTIFICADOR DE OTROS ESTÁNDARES

  • Número estándar o código: https://isni.org/isni/0000000081006690
  • Fuente: isni

024 7# - IDENTIFICADOR DE OTROS ESTÁNDARES

  • Número estándar o código: http://www.wikidata.org/entity/Q3614866
  • Fuente: wikidata

040 ## - FUENTE DE CATALOGACIÓN

  • Centro catalogador/agencia de origen: SpMaBN
  • Lengua de catalogación: spa
  • Centro/agencia transcriptor: SpMaBN
  • Normas de descripción: rdc
  • Convención/Normas de encabezamiento de materia/tesauro: embne

046 ## - FECHAS CON CODIFICACIÓN ESPECIAL

  • Fecha de nacimiento: 1950

100 1# - ENCABEZAMIENTO-NOMBRE DE PERSONA

  • Nombre de persona: Rossetti, Ana,
  • Fechas asociadas al nombre: 1950-

370 ## - LUGAR ASOCIADO

  • Lugar de nacimiento: San Fernando, Cádiz, España
  • Fuente de información: (Wikidata)
  • Número de control del registro de autoridad o número normalizado: XX453195

372 ## - CAMPO DE ACTIVIDAD

  • Campo de actividad: Poesía
  • Fuente de información: Wikidata

374 ## - OCUPACIÓN

  • Ocupación: Escritores
  • Fuente de información: Wikidata

375 ## - GÉNERO/SEXO

  • Género: Femenino

377 ## - IDIOMA ASOCIADO

  • Término de lengua/lenguaje: Español

400 1# - TRAZADO DE VÉASE--NOMBRE DE PERSONA

  • Nombre de persona: Rosetti, Ana
  • Fechas asociadas al nombre: 1950-

500 10 - TRAZADO DE VÉASE ADEMÁS--NOMBRE DE PERSONA

  • Subcampo de control: nnnc
  • Nombre de persona: Montalbano, Maria di
  • Fechas asociadas al nombre: 1950-

663 ## - REFERENCIA COMPLEJA DE VÉASE ADEMÁS--NOMBRE

  • Texto explicativo: Para obras de esta autora escritas bajo seudónimo, véase además:
  • Encabezamiento referido a: Montalbano, Maria di (1950- )

670 ## - FUENTE DE DATOS ENCONTRADOS

  • Cita de la fuente: Devocionario, 1986

670 ## - FUENTE DE DATOS ENCONTRADOS

  • Cita de la fuente: Dic. de literatura española e hispanoamericana, 1993
  • Información encontrada: (Rossetti, Ana; San Fernando, Cádiz, 1950)

670 ## - FUENTE DE DATOS ENCONTRADOS

  • Cita de la fuente: Dic. de escritores, 1996
  • Información encontrada: (Rosetti, Ana (Ana Bueno de la Peña); n. Cádiz, 1950; escribe narrativa, poesía y ensayo)